Wonderful years, wonderful years
| Main Author: | |
|---|---|
| Format: | Book |
| Published: |
New York :
Henry Holt and Company ,
1988
|
MARC
| LEADER | 00000cam a2200000 7i4500 | ||
|---|---|---|---|
| 001 | 0000000494 | ||
| 002 | 000000578 | ||
| 005 | 20000330.0 | ||
| 020 | |a 080500694X | ||
| 090 | 0 | 0 | |a F |b HIG |
| 100 | 1 | |a Higgins, George V | |
| 245 | 1 | 0 | |a Wonderful years, wonderful years |c George V. Higgins |
| 260 | |a New York : |b Henry Holt and Company , |c 1988 | ||
| 300 | |a 261p ; |c 23cm. | ||
| 999 | |a 029747 |b BUKU |c PINJAMAN |e PERPUSTAKAAN KOMUNITI PETALING JAYA | ||